[Event "Milpitas 1000 GM Schev April"]
[Site "Milpitas"]
[Date "2023.04.02"]
[Round "5.1"]
[White "Sevillano, Enrico"]
[Black "Bansal, Advay"]
[Result "1/2-1/2"]
[WhiteElo "2334"]
[BlackElo "2056"]
[PlyCount "160"]
[EventDate "2023.03.31"]
[EventType "schev"]
[EventRounds "10"]
[EventCountry "USA"]
[SourceTitle "CBM 213 Extra"]
[Source "ChessBase"]
[SourceDate "2023.05.31"]
[SourceVersion "1"]
[SourceVersionDate "2023.05.31"]
[SourceQuality "1"]

1. e4 c5 2. c3 Nf6 3. e5 Nd5 4. Nf3 Nc6 5. Bc4 Nb6 6. Bb3 d5 7. exd6 Qxd6 8. Na3 Be6 9. d4 cxd4 10. Nb5 Qd7 11. Nbxd4 Nxd4 12. Nxd4 Bxb3 13. axb3 g6 14. 0-0 Bg7 15. Nf3 Qc7 16. Qe2 0-0 17. Qe4 Rfd8 18. Bf4 Qd7 19. Be3 Nc8 20. h3 Nd6 21. Qc2 b6 22. Rfd1 Qb7 23. Qd3 Rd7 24. Qd5 Qxd5 25. Rxd5 Rad8 26. Rad1 Kf8 27. Bd4 Bxd4 28. R5xd4 f6 29. Kf1 e5 30. Ra4 Nf5 31. Rxd7 Rxd7 32. Ke2 Ng7 33. g3 Ne6 34. Nd2 Nc5 35. Ra3 Nd3 36. Nc4 b5 37. Ne3 Nxb2 38. Ra5 b4 39. cxb4 Nd3 40. Rd5 Nc1+ 41. Kd1 Rc7 42. Rd6 Nxb3 43. Rxf6+ Kg7 44. Rd6 Nd4 45. Ng4 Nc6 46. b5 Nd4 47. b6 axb6 48. Rxb6 Re7 49. h4 Nf5 50. Ke2 e4 51. Rb4 h6 52. Ne3 Nd6 53. Rb6 Ne8 54. h5 Nf6 55. hxg6 Ra7 56. Kf1 Rd7 57. Nc4 Re7 58. Ne3 Rd7 59. Kg2 h5 60. Kh3 Kxg6 61. g4 Rd2 62. gxh5+ Kg5 63. Rb5+ Kh6 64. Rf5 Nxh5 65. Kh4 Ng7 66. Re5 Kg6 67. Rg5+ Kf7 68. Ng4 Ne6 69. Re5 Rd4 70. Kg3 Ra4 71. Ne3 Kf6 72. Rf5+ Kg6 73. Rb5 Kf6 74. Nd5+ Kg6 75. Rb6 Kf5 76. Ne3+ Kf6 77. Ng4+ Kf5 78. Rb5+ Kg6 79. Ne3 Ra2 80. Rb6 Kf6 1/2-1/2

[Event "US op 122nd"]
[Site "Rancho Mirage"]
[Date "2022.08.04"]
[Round "6"]
[White "Wang, Alex Yuxuan"]
[Black "Bansal, Advay"]
[Result "1/2-1/2"]
[WhiteElo "2019"]
[BlackElo "1941"]
[PlyCount "54"]
[EventDate "2022.07.30"]
[EventType "swiss"]
[EventRounds "9"]
[EventCountry "USA"]
[SourceTitle "CBM 209 Extra"]
[Source "ChessBase"]
[SourceDate "2022.09.30"]
[SourceVersion "1"]
[SourceVersionDate "2022.09.30"]
[SourceQuality "1"]

1. d4 Nf6 2. c4 g6 3. Nf3 Bg7 4. g3 d5 5. Bg2 dxc4 6. Na3 c5 7. 0-0 0-0 8. dxc5 c3 9. Nb5 Na6 10. Nxc3 Nxc5 11. Be3 Nce4 12. Nxe4 Nxe4 13. Bd4 Bxd4 14. Nxd4 Nd6 15. Qb3 e5 16. Nb5 Be6 17. Qd3 Bc4 18. Qxd6 Bxb5 19. Qxe5 Qb6 20. Rac1 Rae8 21. Qc7 Rxe2 22. Qxb6 axb6 23. Rfe1 Rxe1+ 24. Rxe1 Bc6 25. Bxc6 bxc6 26. Kf1 Rd8 27. Ke2 Kf8 1/2-1/2

[Event "US op 122nd"]
[Site "Rancho Mirage"]
[Date "2022.08.03"]
[Round "5"]
[White "Bansal, Advay"]
[Black "Hakobyan, Eduard"]
[Result "1/2-1/2"]
[WhiteElo "1941"]
[BlackElo "2329"]
[PlyCount "61"]
[EventDate "2022.07.30"]
[EventType "swiss"]
[EventRounds "9"]
[EventCountry "USA"]
[SourceTitle "CBM 209 Extra"]
[Source "ChessBase"]
[SourceDate "2022.09.30"]
[SourceVersion "1"]
[SourceVersionDate "2022.09.30"]
[SourceQuality "1"]

1. e4 c6 2. Nc3 d5 3. Nf3 Bg4 4. h3 Bxf3 5. Qxf3 e6 6. Be2 Nd7 7. d4 dxe4 8. Nxe4 Ngf6 9. 0-0 Nxe4 10. Qxe4 Nf6 11. Qd3 Qc7 12. Bf3 Bd6 13. c3 h6 14. a4 Rd8 15. a5 0-0 16. Qc4 Nd5 17. Bd2 a6 18. b4 Qe7 19. Rae1 Qf6 20. Bxd5 cxd5 21. Qd3 Rc8 22. f4 Qf5 23. Qf3 Rfe8 24. g4 Qg6 25. Kh1 f5 26. Rg1 Rf8 27. g5 h5 28. Rg2 Rfe8 29. h4 Re7 30. Kg1 Kf8 31. Qd3 1/2-1/2

[Event "San Francisco Donaldson-ch"]
[Site "San Francisco"]
[Date "2019.12.22"]
[Round "5"]
[White "Pang, Ashley"]
[Black "Bansal, Advay"]
[Result "1/2-1/2"]
[WhiteElo "1860"]
[BlackElo "1669"]
[PlyCount "56"]
[EventDate "2019.12.21"]
[EventType "swiss"]
[EventRounds "5"]
[EventCountry "USA"]
[SourceTitle "CBM 194 Extra"]
[Source "ChessBase"]
[SourceDate "2020.03.31"]
[SourceVersion "1"]
[SourceVersionDate "2020.03.31"]
[SourceQuality "1"]

1. e4 c5 2. Nf3 d6 3. Bb5+ Bd7 4. Bxd7+ Nxd7 5. 0-0 Ngf6 6. Re1 e6 7. c3 Be7 8. d4 cxd4 9. Nxd4 a6 10. f3 Qc7 11. Be3 0-0 12. Nd2 d5 13. Bf2 Bd6 14. g3 dxe4 15. Nxe4 Nxe4 16. Rxe4 Nf6 17. Re2 Rfd8 18. Qb3 Rac8 19. Rd1 Bc5 20. Red2 Rd6 21. Kg2 h6 22. g4 Qb6 23. Bg3 Qxb3 24. Nxb3 Rxd2+ 25. Rxd2 Nd5 26. Nxc5 Rxc5 27. Bf2 Nf4+ 28. Kg3 Rd5 1/2-1/2